00343nam a2200133Ia 4500008004100000040001600041041001200057082001600069100001900085245003700104250001200141260004500153300001100198230917s9999||||xx |||||||||||||| ||und|| e60955aMAIN aEnglish a361.6 W582A aWhite, R Clyde 0aAdministration of public welfare a2nd ed. aNew DelhibEurasia Publishin Housec1965 a546 p.